000 01272nam0a22003251 4500
001 rc\2346494
005 20250623102351.0
035 _a(NLR Aleph) 006719320
090 _a5426357
_c5426357
100 _a20110829d1977 |||y0rusy50 ca
101 0 _arus
102 _aRU
105 _aa z |||c|
200 1 _aТяжелоатлетический спорт
_eОчерки по физиологии и спорт. тренировке
_fА.Н. Воробьев
205 _a2-е изд., перераб. и доп.
210 _aМосква
_cФизкультура и спорт
_d1977
215 _a255 с.
_cил.
_d20
300 _aВ вып. дан. авт.: Аркадий Никитович Воробьев
320 _aСписок лит.: с. 244-254
606 _aТяжелоатлеты
_xТренировка
_2rkp
606 _aТяжелая атлетика
_xФизиологические основы
_2rkp
700 1 _aВоробьев
_bА.Н.
_gАркадий Никитич
790 1 _aВоробьев
_bА.Н.
_gАркадий Никитович
801 0 _aRU
_bNLR
_gpsbo
801 1 _aRU
_bELAR
_2rusmarc
852 _aNLR
_j77-3/5604
899 _aRuMoRGB
_jБ 77-3/649
899 _aRuMoRGB
_jБ 77-3/650
942 _cBOOK
980 _aNB